Elementos Periódicos por Pista #2 - Estadísticas

Estadísticas generales
  • Esta prueba ha sido intentada 39 veces
    33 desde el último reinicio
  • La puntuación promedio es 10 de 20
Estadísticas de respuestas
Pista Respuesta % Correcto
Tiene el símbolo químico Fe Hierro
96%
Suena parecido al nombre del planeta natal de Superman. Criptón
75%
De qué está hecha la Estatua de la Libertad Cobre
71%
Los dirigibles están llenos de esto Hidrógeno
71%
Quinto elemento de la Tabla Periódica Boro
68%
Descubierto por Marie Curie y bautizado con el nombre de su país natal Polonio
64%
De qué está hecho el carbón vegetal Carbono
57%
Si se añade a la sal o al agua, puede ayudar a prevenir las caries Flúor
57%
El elemento más común de la corteza terrestre Oxígeno
54%
Este metal tiene el menor punto de fusión Mercurio
46%
Se solía añadir a la gasolina y causa el 1,5% de las muertes Plomo
36%
Un compuesto de este elemento es el ingrediente activo del Pepto-Bismol Bismuto
32%
Se utiliza para tratar el trastorno bipolar Litio
32%
Producido por primera vez en 1940, se utilizó con resultados explosivos en 1945 Plutonio
32%
De qué están hechos los filamentos de las bombillas Wolframio
32%
Elemento que lleva el nombre de Japón Nihonio
29%
Los fuselajes de los aviones de la II Guerra Mundial estaban hechos de esta Aluminio
25%
Utilizado como gas venenoso en la Primera Guerra Mundial Cloro
25%
Las minas utilizan detectores para evitar la exposición a este gas radiactivo. Radio
25%
Tiene la mayor relación resistencia/peso de todos los elementos metálicos Titanio
21%
No se encontraron pruebas coincidentes
Distribución de puntuación
Porcentaje de gente con cada puntuación
Porcentaje por número respondido
Historial de tus puntuaciones
No has intentado esta prueba desde el último reinicio